000 01410njm a22003137a 4500
005 20100918113525.0
007 sd ammalaaahaa
008 100904t xxu||||| |||| 00| 0 hin d
028 _aPEASD.2047
_bHis Master's Voice
028 _aS/2XJW. 5647
_bHis Master's Voice
028 _aS/2XJW. 5648
_bHis Master's Voice
035 _aGR-03312
040 _aSED/VEN
100 _91184
_aChopra, Pamela
245 _aSilsila (Part-1)
_bHindi Film /
_cby Pamela Chopra; Music by Shiv-Hari; Lyric by Nida Fazli
_h[Sound Recording] :
246 _aसिलसिला (पामेला चोपड़ा)
250 _aP-1981
260 _aDum Dum, India
_bHis Master's Voice
300 _a1 sound disc [Gramophone Recording] :
_banalog, 33 1/3 rpm ;
_c12 in. [LP]
_fGramophone Records
500 _aBrief Records
500 _aRecord Labels: His Master's Voice, Red
505 _aSong Side-3; खुद से जो वादा किया था (सिलसिला) (पामेला चोपड़ा), Song Side-4; बहन जिना दी पकड़िए (हरबंस सिंह) (भाग-2)
600 _920259
_aChopra, Pamela
610 _920322
650 _aClassical Music
_xExcerpts
_zIndia
_918309
700 _918319
_aRagi Harbans Singh
942 _2ddc
_cGR
999 _c46691
_d46691